书目信息 |
| 题名: |
生物统计学
|
|
| 作者: | 王志和 , 王文林 , 李春喜 编著 | |
| 分册: | ||
| 出版信息: | 北京 科学出版社 2000 |
|
| 页数: | 296页 | |
| 开本: | 26cm | |
| 丛书名: | ||
| 单 册: | ||
| 中图分类: | Q-332 | |
| 科图分类: | ||
| 主题词: | 生物统计 | |
| 电子资源: | ||
| ISBN: | 7-03-006069-5 | |
| 000 | 00639nam0 2200241 45 | |
| 001 | 0197043582 | |
| 005 | 20050627170829.8 | |
| 010 | @a7-03-006069-5@dCNY28.00 | |
| 100 | @a19971209d2000 em y0chiy0121 ea | |
| 101 | 0 | @achi |
| 102 | @aCN@b110000 | |
| 105 | @ak z 000yy | |
| 200 | 10 | @a生物统计学@Asheng wu tong ji xue@f李春喜等编著@FLi Chun Xi Deng Bian Zhu |
| 205 | @a2版 | |
| 210 | @a北京@c科学出版社@d2000 | |
| 215 | @a296页@d26cm | |
| 606 | @a生物统计 | |
| 690 | @aQ-332@v4 | |
| 701 | 0 | @a王志和@4编著 |
| 701 | 0 | @a王文林@4编著 |
| 701 | 0 | @a李春喜@4编著 |
| 801 | @aCN@bTSTC@c20021203 | |
| 905 | @b318610-612@dQ-332@e32=2@f3 | |
| 生物统计学/李春喜等编著.-2版.-北京:科学出版社,2000 |
| 296页;26cm |
| ISBN 7-03-006069-5:CNY28.00 |
| ● |
| 相关链接 |
|
|
|
|
正题名:生物统计学
索取号:Q-332/32=2
 
预约/预借
| 序号 | 登录号 | 条形码 | 馆藏地/架位号 | 状态 | 备注 |
| 1 | 0318610 | 203186104 | 第三借阅区/ [索取号:Q-332/32=2] | 在馆 | |
| 2 | 0318611 | 203186113 | 密集书库/ [索取号:Q-332/32=2] | 在馆 | |
| 3 | 0318612 | 203186122 | 第二样本阅览室/ [索取号:Q-332/32=2] | 在馆 | |
| 4 | 0358401 | 3584017 | 第三借阅区/ [索取号:Q-332/32=2] | 在馆 | |
| 5 | 0358402 | 3584026 | 第三借阅区/ [索取号:Q-332/32=2] | 在馆 | |
| 6 | 0358403 | 3584035 | 密集书库/ [索取号:Q-332/32=2] | 在馆 | |
| 7 | 0358404 | 3584044 | 密集书库/ [索取号:Q-332/32=2] | 在馆 | |
| 8 | 0358405 | 3584053 | 第三借阅区/ [索取号:Q-332/32=2] | 在馆 |